| 000 | 00867nam a22001937a 4500 | ||
|---|---|---|---|
| 001 | BD-DhSAU 4873 | ||
| 003 | BD-DhSAU | ||
| 005 | 20150226143917.0 | ||
| 008 | 150226b1977 bg a||||r|||| 000 0 ben d | ||
| 040 | _aBD-DhSAU | ||
| 082 |
_222 _a--- _bহোসেহ্যা |
||
| 100 | _aহোসেন, মুহম্মদ তহম্মল | ||
| 245 |
_aহ্যান্ডবুক অব ফিজিক্যাল এডুকেশন / _cমেজর মুহম্মদ তহম্মল হোসেন |
||
| 260 |
_aঢাকা : _bবাংলাদেশ জাতীয় ক্রিড়া নিয়ন্ত্রণ বোর্ড, _c১৯৭৭. |
||
| 300 |
_a১৯১ পৃ. : _bচিত্র ; _c২৭ সেমি। |
||
| 590 | _ajoy | ||
| 650 | _aশারীরিক অনুশীলন। | ||
| 650 | _aPhysical education. | ||
| 942 |
_2ddc _cBOOK |
||
| 999 |
_c4873 _d4873 |
||